Phương pháp giáo dục trẻ hư
Αποθηκεύτηκε σε:
| Κύριος συγγραφέας: | |
|---|---|
| Μορφή: | Βιβλίο |
| Γλώσσα: | Undetermined |
| Έκδοση: |
Đồng Tháp
Nxb. Tổng hợp Đồng Tháp
1993
|
| Θέματα: | |
| Ετικέτες: |
Προσθήκη ετικέτας
Δεν υπάρχουν, Καταχωρήστε ετικέτα πρώτοι!
|
| Thư viện lưu trữ: | Trung tâm Học liệu Trường Đại học Cần Thơ |
|---|
| LEADER | 00516nam a2200169Ia 4500 | ||
|---|---|---|---|
| 001 | CTU_6130 | ||
| 008 | 210402s9999 xx 000 0 und d | ||
| 082 | |a 372 | ||
| 082 | |b S464 | ||
| 100 | |a Phạm Côn Sơn | ||
| 245 | 0 | |a Phương pháp giáo dục trẻ hư | |
| 245 | 0 | |c Phạm Côn Sơn, Tô Quốc Tuấn | |
| 260 | |a Đồng Tháp | ||
| 260 | |b Nxb. Tổng hợp Đồng Tháp | ||
| 260 | |c 1993 | ||
| 650 | |a home education | ||
| 980 | |a Trung tâm Học liệu Trường Đại học Cần Thơ | ||